Official Languages NOT on Google Translate - Statistics

General Stats
  • This quiz has been taken 19 times
  • The average score is 9 of 13
Answer Stats
Hint Answer % Correct
Nauru Nauruan
100%
Palau Palauan
100%
Tuvalu Tuvaluan
100%
Switzerland Romansh
94%
Montenegro* Montenegrin
88%
Niue Niuean
88%
Comoros Comorian
81%
Kiribati Gilbertese
75%
Papua New Guinea Hiri Motu
63%
Fiji Fiji Hindi
56%
Burkina Faso Mooré
38%
Cook Islands Cook Islands Māori
25%
Burkina Faso Bissa
13%
No matching quizzes found
Score Distribution
Percent of People with Each Score
Percentile by Number Answered
Your Score History
You have not taken this quiz